Canadian poetry

Збережено в:
Бібліографічні деталі
Автор: Lecker, David
Формат: Книга
Мова:Undetermined
Опубліковано: Toronto, Canadá General 1982
Предмети:
Теги: Додати тег
Немає тегів, Будьте першим, хто поставить тег для цього запису!

MARC

LEADER 00000nam a2200000Ia 4500
008 170316s9999 xx 000 0 und d
040 |a cru BVZT 
090 |a 818 L-13c 
100 |a Lecker, David 
245 |a Canadian poetry  |c David, Jack; Lecker, Robert 
260 |a Toronto, Canadá 
260 |b General 
260 |c 1982 
300 |a 320 páginas Vol. 1. 
650 |a LITERATURA CANADIENSE 
942 |c 15 D 
999 |c 6503  |d 6503